[Event "6th Rabat Blitz Marathon"]
[Site "Rabat MAR"]
[Date "2015.05.16"]
[Round "12.3"]
[White "Van Wely, Loek"]
[Black "Peralta, Fernando"]
[Result "0-1"]
[WhiteTitle "GM"]
[BlackTitle "GM"]
[WhiteElo "2653"]
[BlackElo "2556"]
[WhiteFideId "1000268"]
[BlackFideId "105309"]
[EventDate "2015.05.16"]

1. c4 e6 2. Nf3 d5 3. d4 Nf6 4. Nc3 Bb4 5. cxd5 exd5 6. Bg5 Nbd7 7. Qc2 c5 8. a3
Bxc3+ 9. Qxc3 c4 10. Nd2 O-O 11. b3 b5 12. a4 b4 13. Qxb4 Rb8 14. Qc3 cxb3 15.
Rb1 Nb6 16. Rxb3 Nxa4 17. Qc2 Rxb3 18. Qxb3 Qa5 19. Bxf6 gxf6 20. e3 Be6 21. Qb5
Qxb5 22. Bxb5 Nc3 23. Ba6 Rb8 24. O-O Rb6 25. Ra1 Rb2 26. Nf3 Ne4 27. Bf1 Nxf2
28. Rxa7 Ng4 29. Ra3 Nh6 30. Bd3 Bf5 31. Bxf5 Nxf5 32. Kf1 h5 33. Rc3 Kg7 34.
Ra3 Kg6 35. Kg1 Re2 36. Kf1 Rxe3 37. Nh4+ Kg5 38. Nf3+ Kg6 39. Nh4+ Kg5 40. Nf3+
Kf4 41. Ra6 Re6 42. Ra5 Rb6 43. Ra7 Rb1+ 44. Ke2 Rb2+ 45. Ke1 Rxg2 46. Nd2 Rxh2
47. Rxf7 Rh1+ 48. Kf2 Rh2+ 49. Ke1 Nxd4 50. Rxf6+ Ke5 51. Rh6 Rh1+ 52. Kf2 Rh2+
53. Ke1 Nf5 54. Rh8 Kf4 55. Rf8 d4 56. Nf1 Ra2 57. Nd2 Ra1+ 58. Kf2 Ra2 59. Ke2
Kg4 60. Rg8+ Kf4 61. Rf8 h4 62. Kd3 Ra3+ 63. Ke2 h3 64. Rh8 Re3+ 65. Kf2 Ra3 66.
Ke2 Ng3+ 67. Ke1 Nf5 68. Kf2 Rd3 69. Ke2 Rg3 70. Nf1 Rg2+ 71. Ke1 Kg4 72. Rg8+
Kf3 73. Rf8 Re2+ 74. Kd1 Re5 75. Rg8 Ne3+ 0-1

[Event "6th Rabat Blitz Marathon"]
[Site "Rabat MAR"]
[Date "2015.05.16"]
[Round "12.4"]
[White "Fridman, Daniel"]
[Black "Fedorchuk, Sergey A."]
[Result "1-0"]
[WhiteTitle "GM"]
[BlackTitle "GM"]
[WhiteElo "2637"]
[BlackElo "2657"]
[WhiteFideId "11600454"]
[BlackFideId "14102536"]
[EventDate "2015.05.16"]

1. d4 Nf6 2. c4 e6 3. Nf3 b6 4. g3 Bb7 5. Bg2 Bb4+ 6. Bd2 a5 7. O-O O-O 8. Bg5
Be7 9. Qc2 Be4 10. Qd2 Bb7 11. Qf4 d6 12. Nc3 h6 13. Bxf6 Bxf6 14. e4 Nd7 15.
Qe3 e5 16. d5 Kh7 17. h4 g6 18. h5 Bc8 19. Bh3 Qe7 20. Kg2 Nc5 21. Bxc8 Raxc8
22. Rh1 Bg7 23. b3 Kg8 24. Nh4 Qf6 25. Rae1 Rfe8 26. Qd2 Nd7 27. Re3 Nf8 28. Nf3
Qe7 29. Nh2 Qg5 30. Nf3 Qe7 31. Qe2 Qf6 32. Nh2 Qg5 33. Nf3 Qe7 34. Nb5 Qf6 35.
Na7 Ra8 36. Nc6 Nh7 37. Nh4 Ng5 38. Qg4 Kh7 39. Nf3 Kg8 40. hxg6 fxg6 41. Nxg5
Qxg5 42. Qxg5 hxg5 43. Kh3 Bf6 44. Kg4 Kg7 45. Ree1 Rh8 46. a3 Raf8 47. f3 Ra8
48. Rh3 Rxh3 49. Kxh3 Rh8+ 50. Kg2 Ra8 51. Rh1 Rf8 52. Na7 Rf7 53. Nb5 Bd8 54.
b4 axb4 55. axb4 Rf8 56. Ra1 Rf7 57. Ra8 Rd7 58. Kh3 Kf6 59. Kg4 Kg7 60. Rc8 Kf6
61. Na7 Kg7 62. Nc6 Bf6 63. Nb8 Rf7 64. Na6 Kh6 65. Nxc7 Bg7 66. Ne6 Ra7 67. Rg8
Bf6 68. Rf8 Bg7 69. Rd8 Ra4 70. Rxd6 Rxb4 71. Rc6 Bf6 72. Nf8 Kg7 73. Nd7 Be7
74. Nxe5 Bc5 75. Rxg6+ Kh7 76. Rxg5 Rb3 77. Rf5 Bd4 78. Nc6 Bc5 79. e5 Rc3 80.
Rf4 Be3 81. Re4 Rd3 82. e6 1-0

[Event "6th Rabat Blitz Marathon"]
[Site "Rabat MAR"]
[Date "2015.05.16"]
[Round "13.3"]
[White "Peralta, Fernando"]
[Black "Fridman, Daniel"]
[Result "1/2-1/2"]
[WhiteTitle "GM"]
[BlackTitle "GM"]
[WhiteElo "2556"]
[BlackElo "2637"]
[WhiteFideId "105309"]
[BlackFideId "11600454"]
[EventDate "2015.05.16"]

1. d4 d5 2. c4 e6 3. Nc3 Be7 4. cxd5 exd5 5. Bf4 Nf6 6. e3 Bf5 7. Qb3 Nc6 8. a3
Na5 9. Qa2 c6 10. Nf3 O-O 11. Be2 b5 12. O-O h6 13. h3 Rc8 14. Rac1 Nc4 15. a4
b4 16. Nb1 Na5 17. Nbd2 Qb6 18. Nb3 Nxb3 19. Qxb3 a5 20. Rfd1 Rfd8 21. Bd3 Be6
22. Qc2 c5 23. dxc5 Bxc5 24. Qe2 Bd6 25. Bxd6 Qxd6 26. Nd4 Qb6 27. Qd2 Ne4 28.
Bxe4 dxe4 29. Rxc8 Rxc8 30. Rc1 Rxc1+ 31. Qxc1 Kh7 32. Qc6 Qxc6 33. Nxc6 Bd7 34.
Nxa5 Bxa4 35. Nb7 Kg6 36. Nc5 Bc2 37. Kf1 Kf5 38. Ke1 Ke5 39. Na6 b3 40. Nb4 Bb1
41. Nc6+ Kd5 42. Nd4 Kc4 43. Kd2 Bd3 44. h4 Bf1 45. g3 Bh3 46. Ne2 Bg4 47. Nc3
Bf3 48. Na4 g6 49. Nc3 g5 50. hxg5 hxg5 51. Na4 f5 52. Nc3 Bh5 53. Na4 Be8 54.
Nc3 Bc6 55. Ne2 Bd7 56. Nd4 Kb4 1/2-1/2

[Event "6th Rabat Blitz Marathon"]
[Site "Rabat MAR"]
[Date "2015.05.16"]
[Round "13.4"]
[White "Heberla, Bartlomiej"]
[Black "Van Wely, Loek"]
[Result "1/2-1/2"]
[WhiteTitle "GM"]
[BlackTitle "GM"]
[WhiteElo "2556"]
[BlackElo "2653"]
[WhiteFideId "1115120"]
[BlackFideId "1000268"]
[EventDate "2015.05.16"]

1. c4 Nf6 2. Nc3 e5 3. Nf3 Nc6 4. d4 exd4 5. Nxd4 Bb4 6. Bg5 h6 7. Bh4 Bxc3+ 8.
bxc3 O-O 9. e3 d6 10. Be2 Re8 11. O-O Ne5 12. Nb5 g5 13. Bg3 Ne4 14. f4 Nd7 15.
Be1 Ndf6 16. Nd4 c5 17. Nf3 Ng4 18. Qc1 Nef6 19. Bd2 gxf4 20. e4 Rxe4 21. Bd3
Re3 22. Bxe3 Nxe3 23. Re1 Nfg4 24. Qd2 Qf6 25. h3 Ne5 26. Nxe5 dxe5 27. Rxe3
fxe3 28. Qxe3 Qg5 29. Qxc5 Bxh3 30. Bf1 Rd8 31. Qf2 Rd2 32. Qf3 Bf5 33. Qxb7 e4
34. Qb8+ Kh7 35. Qxa7 Bg6 36. Re1 Qg3 37. Qe3 Qxe3+ 38. Rxe3 Rxa2 39. g4 Ra4 40.
c5 Ra5 41. Bg2 Rxc5 42. Bxe4 Bxe4 43. Rxe4 Rxc3 44. Kg2 Kg6 45. Re5 Ra3 46. Rb5
Re3 47. Ra5 f6 48. Rb5 Re5 49. Rb3 Kg5 50. Kg3 Ra5 51. Rc3 Ra1 52. Rc5+ Kg6 53.
Rb5 Ra3+ 54. Kf4 Ra4+ 55. Kg3 Re4 56. Ra5 Re3+ 57. Kf4 Re5 58. Ra3 Rb5 59. Kg3
Kg5 60. Rc3 h5 61. gxh5 Kxh5 62. Kf4 Kg6 63. Rg3+ Kf7 64. Ra3 Rb4+ 65. Kf5 Rb5+
66. Ke4 1/2-1/2

[Event "6th Rabat Blitz Marathon"]
[Site "Rabat MAR"]
[Date "2015.05.16"]
[Round "15.3"]
[White "Van Wely, Loek"]
[Black "Fridman, Daniel"]
[Result "1/2-1/2"]
[WhiteTitle "GM"]
[BlackTitle "GM"]
[WhiteElo "2653"]
[BlackElo "2637"]
[WhiteFideId "1000268"]
[BlackFideId "11600454"]
[EventDate "2015.05.16"]

1. d4 d5 2. c4 e6 3. Nc3 Be7 4. cxd5 exd5 5. Bf4 Nf6 6. e3 Bf5 7. Nge2 O-O 8.
Ng3 Be6 9. Bd3 c5 10. dxc5 Bxc5 11. O-O Nc6 12. Rc1 d4 13. Nce4 Be7 14. Nxf6+
Bxf6 15. Ne4 dxe3 16. Bxe3 Bf5 17. Nxf6+ Qxf6 18. Bxf5 Qxf5 19. Qb3 Na5 20. Qa4
Nc6 21. Rc5 Qe6 22. Qb5 Qe7 23. h3 Rad8 24. Rfc1 Rd7 25. Rd5 1/2-1/2

[Event "6th Rabat Blitz Marathon"]
[Site "Rabat MAR"]
[Date "2015.05.16"]
[Round "15.4"]
[White "Larino Nieto, David"]
[Black "Shirov, Alexei"]
[Result "1/2-1/2"]
[WhiteTitle "GM"]
[BlackTitle "GM"]
[WhiteElo "2451"]
[BlackElo "2696"]
[WhiteFideId "2256444"]
[BlackFideId "2209390"]
[EventDate "2015.05.16"]

1. e4 c5 2. Nc3 Nc6 3. g3 e6 4. Bg2 Nf6 5. d3 d5 6. exd5 Nxd5 7. Nge2 Nxc3 8.
Nxc3 Be7 9. O-O O-O 10. Re1 Nd4 11. Ne4 e5 12. h4 Be6 13. c3 Nc6 14. Be3 Bd5 15.
c4 Bxe4 16. Bxe4 Qd7 17. Qf3 f5 18. Bd5+ Kh8 19. Bxc6 bxc6 20. Bg5 Bxg5 21. hxg5
Rae8 22. Kg2 e4 23. dxe4 fxe4 24. Qe3 Re5 25. g6 hxg6 26. Rad1 Qe7 27. Rh1+ Kg8
28. Rh4 Rf3 29. Qd2 Rd3 30. Qe2 Rxd1 31. Qxd1 e3 32. fxe3 Rxe3 33. Qg4 Re2+ 34.
Kh3 Qe6 35. Qxe6+ Rxe6 36. Rg4 Re2 37. Rxg6 Rxb2 38. Rxc6 Rxa2 39. Rxc5 1/2-1/2

[Event "6th Rabat Blitz Marathon"]
[Site "Rabat MAR"]
[Date "2015.05.16"]
[Round "16.3"]
[White "Shirov, Alexei"]
[Black "Fridman, Daniel"]
[Result "0-1"]
[WhiteTitle "GM"]
[BlackTitle "GM"]
[WhiteElo "2696"]
[BlackElo "2637"]
[WhiteFideId "2209390"]
[BlackFideId "11600454"]
[EventDate "2015.05.16"]

1. d4 d5 2. c4 e6 3. Nc3 Be7 4. cxd5 exd5 5. Bf4 Nf6 6. e3 Bf5 7. Nge2 O-O 8.
Ng3 Be6 9. Bd3 c5 10. dxc5 Bxc5 11. O-O Nc6 12. Rc1 d4 13. Nce4 Be7 14. Nxf6+
Bxf6 15. Ne4 dxe3 16. fxe3 Bxb2 17. Ng5 h6 18. Nxe6 fxe6 19. Qb3 Bxc1 20. Qxe6+
Kh8 21. Qe4 Bxe3+ 22. Bxe3 Rxf1+ 23. Kxf1 Qg8 0-1

[Event "6th Rabat Blitz Marathon"]
[Site "Rabat MAR"]
[Date "2015.05.16"]
[Round "16.4"]
[White "Daoudi, Kamal"]
[Black "Van Wely, Loek"]
[Result "0-1"]
[BlackTitle "GM"]
[WhiteElo "2129"]
[BlackElo "2653"]
[WhiteFideId "9001069"]
[BlackFideId "1000268"]
[EventDate "2015.05.16"]

1. e4 c5 2. Nf3 e6 3. d4 cxd4 4. Nxd4 a6 5. Nc3 Qc7 6. Be3 Nf6 7. Bd3 b5 8. O-O
Bb7 9. Qf3 d6 10. a4 b4 11. Nce2 Nbd7 12. Ng3 Be7 13. Qe2 Nc5 14. Bg5 h6 15. Bd2
h5 16. Bxb4 h4 17. Ngf5 exf5 18. Nxf5 g6 19. Nxe7 Qxe7 20. f3 h3 21. g4 O-O 22.
Qe3 Rac8 23. Qh6 Nfd7 24. Bc3 Ne5 25. Bc4 Ne6 26. Bb3 Rxc3 27. bxc3 Nc5 28. Ba2
Qf6 29. Qxh3 Qf4 30. Kh1 Kg7 31. Qg2 Rh8 32. Rad1 Ned7 33. Bd5 Bxd5 34. Rxd5 Nf6
35. Rd2 Nxa4 36. Rfd1 Nxc3 37. Ra1 Nb5 38. Rad1 Nd7 39. Rxd6 Nxd6 40. Qe2 Nf8
41. e5 Nb5 42. c4 Nc7 43. Rd8 Nce6 44. Rc8 Qd4 45. Kg2 Nf4+ 46. Kg3 Nxe2+ 0-1

[Event "6th Rabat Blitz Marathon"]
[Site "Rabat MAR"]
[Date "2015.05.16"]
[Round "17.3"]
[White "Fridman, Daniel"]
[Black "Dourerassou, Jonathan"]
[Result "1-0"]
[WhiteTitle "GM"]
[BlackTitle "IM"]
[WhiteElo "2637"]
[BlackElo "2414"]
[WhiteFideId "11600454"]
[BlackFideId "628050"]
[EventDate "2015.05.16"]

1. d4 Nf6 2. Nf3 g6 3. c4 Bg7 4. g3 O-O 5. Bg2 d5 6. cxd5 Nxd5 7. O-O Nb6 8. Nc3
Nc6 9. d5 Nb4 10. e4 e6 11. a3 Na6 12. Bg5 Qd7 13. dxe6 Qxe6 14. Qc2 Qc4 15.
Rac1 Bg4 16. h3 Be6 17. Rfd1 c6 18. Be3 Qb3 19. Nd4 Qxc2 20. Rxc2 Bc4 21. Rcc1
Rfe8 22. f4 Nc5 23. e5 Nb3 24. Nxb3 Bxb3 25. Re1 Nc4 26. Bf2 a5 27. Ne4 a4 28.
Re2 Rad8 29. Nc5 Na5 30. Be1 Ra8 31. Bxa5 Rxa5 32. Nxb7 Ra7 33. Nd6 Rd8 34. Rxc6
Bf8 35. Rd2 Rad7 36. Bd5 Rb8 37. Bxb3 Rxb3 38. Kg2 f6 39. Ra6 fxe5 40. fxe5 Re3
41. Ra5 h5 42. Rad5 Bg7 43. Nc4 Rxd5 44. Rxd5 Rb3 45. e6 Bxb2 46. Rd8+ Kg7 47.
e7 1-0

[Event "6th Rabat Blitz Marathon"]
[Site "Rabat MAR"]
[Date "2015.05.16"]
[Round "17.4"]
[White "Choukri, Adel"]
[Black "Van Wely, Loek"]
[Result "1-0"]
[BlackTitle "GM"]
[WhiteElo "2231"]
[BlackElo "2653"]
[WhiteFideId "9000399"]
[BlackFideId "1000268"]
[EventDate "2015.05.16"]

1. Nf3 Nf6 2. g3 d5 3. Bg2 Bf5 4. O-O e6 5. d3 h6 6. Nbd2 Be7 7. Re1 O-O 8. b3
c5 9. Bb2 Nc6 10. e4 Bh7 11. exd5 Nxd5 12. Ne5 Nxe5 13. Bxe5 Bf6 14. Bxf6 Qxf6
15. Ne4 Qe7 16. d4 cxd4 17. Qxd4 Nb4 18. Qb2 Rac8 19. Rac1 Rfd8 20. a3 Nc6 21.
Rcd1 e5 22. Nc3 Rxd1 23. Rxd1 Nd4 24. Nd5 Qe6 25. c3 Nc6 26. Qe2 Rd8 27. c4 Nd4
28. Qe3 Bc2 29. Rd2 Bf5 30. h4 Kh8 31. Rd1 f6 32. Rd2 Qd6 33. Rxd4 exd4 34. Qxd4
Qxa3 35. Qf4 Be6 36. Nxf6 Qa1+ 37. Kh2 Qxf6 38. Qc7 Rd2 39. Qb8+ Bg8 40. Qxb7
Qxf2 41. Kh3 Rd3 42. Qb8 Rd2 43. Bd5 Rxd5 44. cxd5 Qf3 45. d6 Qh1+ 46. Kg4 Qd5
47. Qf8 Qe6+ 48. Kf4 Kh7 49. Qe7 Qf7+ 50. Qxf7 Bxf7 51. d7 1-0

[Event "6th Rabat Blitz Marathon"]
[Site "Rabat MAR"]
[Date "2015.05.16"]
[Round "18.3"]
[White "Fridman, Daniel"]
[Black "Libiszewski, Fabien"]
[Result "1-0"]
[WhiteTitle "GM"]
[BlackTitle "GM"]
[WhiteElo "2637"]
[BlackElo "2531"]
[WhiteFideId "11600454"]
[BlackFideId "616834"]
[EventDate "2015.05.16"]

1. d4 g6 2. e4 d6 3. Nf3 Nf6 4. Nc3 Bg7 5. Be2 O-O 6. O-O Bg4 7. Be3 Nc6 8. Nd2
Bxe2 9. Nxe2 e5 10. d5 Ne7 11. f3 Nh5 12. c4 b6 13. b4 a5 14. a3 Nf4 15. g3
Nxe2+ 16. Qxe2 f5 17. c5 f4 18. Bf2 fxg3 19. hxg3 Qd7 20. Kg2 axb4 21. axb4 bxc5
22. bxc5 g5 23. c6 Qe8 24. Nc4 Qg6 25. Ne3 h5 26. g4 hxg4 27. Nxg4 Qf7 28. Be3
Ng6 29. Bxg5 Nf4+ 30. Bxf4 exf4 31. Rxa8 Rxa8 32. Qd2 Rf8 33. Rh1 Qg6 34. Qb4
Ra8 35. Qb3 Bd4 36. Rd1 Bg7 37. Rd2 Qg5 38. Qb7 Ra3 39. Qc8+ 1-0

[Event "6th Rabat Blitz Marathon"]
[Site "Rabat MAR"]
[Date "2015.05.16"]
[Round "18.4"]
[White "Shirov, Alexei"]
[Black "Heberla, Bartlomiej"]
[Result "1/2-1/2"]
[WhiteTitle "GM"]
[BlackTitle "GM"]
[WhiteElo "2696"]
[BlackElo "2556"]
[WhiteFideId "2209390"]
[BlackFideId "1115120"]
[EventDate "2015.05.16"]

1. e4 e5 2. Nf3 Nf6 3. Nxe5 d6 4. Nf3 Nxe4 5. Nc3 Nf6 6. d4 Be7 7. Bd3 d5 8. Bg5
O-O 9. O-O c6 10. Re1 Nbd7 11. Ne5 Re8 12. Qf3 Nxe5 13. Rxe5 Be6 14. Rae1 Nd7
15. Bxe7 Qxe7 16. R5e3 Qf6 17. Qd1 Nf8 18. Qd2 Bd7 19. Rxe8 Rxe8 20. Rxe8 Bxe8
21. Qe3 Bd7 22. Ne2 Qe6 23. Qg3 Qe7 24. c3 Bf5 25. h3 Bxd3 26. Qxd3 Ng6 27. Kf1
f6 28. Qf5 Kf7 29. Qc8 a6 30. f3 Nf8 31. Nf4 Qd7 32. Qb8 Ne6 33. Nxe6 Kxe6 34.
Qg8+ Kd6 35. Qxh7 Qe7 36. Kf2 Kc7 37. h4 Kb6 38. h5 Qf8 39. Qf5 Qe7 40. g4 a5
41. Qf4 a4 42. Qe3 Qd6 43. Kg2 a3 44. b3 Ka7 45. f4 b6 46. Kf3 c5 47. Qe8 cxd4
48. cxd4 Kb7 49. Qf7+ Ka6 50. Qxg7 Qc6 51. Qe7 Qc3+ 52. Qe3 Qb2 53. Qe2+ b5 54.
h6 Qb1 55. f5 Qh1+ 56. Kg3 Qxh6 57. Qe6+ Ka5 58. Qe1+ Ka6 59. Qe6+ Ka5 60. Qxd5
Qe3+ 61. Qf3 Qxd4 62. Qf2 Qd3+ 63. Kh4 Qc3 64. Kh5 Qb2 65. Qa7+ Kb4 66. Qe7+ Ka5
67. g5 Qxa2 68. gxf6 Qh2+ 69. Kg6 Qg2+ 70. Kh7 Qh3+ 71. Kg8 Qg4+ 72. Kf8 Qxf5
73. Qxa3+ Kb6 74. Qd6+ Ka5 75. f7 Qc8+ 76. Ke7 Qb7+ 77. Qd7 Qe4+ 78. Kd8 Qa8+
79. Ke7 Qe4+ 80. Kf8 Qf4 81. Qe7 Qf3 82. Qa3+ Kb6 83. Qd6+ Ka5 84. b4+ Ka4 85.
Ke7 Qe4+ 86. Kd8 Qa8+ 87. Kd7 Qb7+ 88. Ke6 Qe4+ 89. Qe5 Qc6+ 90. Ke7 Qb7+ 91.
Kf8 Qc8+ 92. Kg7 Qg4+ 93. Kf6 Qh4+ 94. Ke6 Qg4+ 1/2-1/2

[Event "6th Rabat Blitz Marathon"]
[Site "Rabat MAR"]
[Date "2015.05.16"]
[Round "19.3"]
[White "Larino Nieto, David"]
[Black "Fridman, Daniel"]
[Result "1/2-1/2"]
[WhiteTitle "GM"]
[BlackTitle "GM"]
[WhiteElo "2451"]
[BlackElo "2637"]
[WhiteFideId "2256444"]
[BlackFideId "11600454"]
[EventDate "2015.05.16"]

1. e4 e5 2. Nf3 Nf6 3. Nxe5 d6 4. Nf3 Nxe4 5. d3 Nf6 6. Bg5 Be7 7. Be2 O-O 8.
O-O h6 9. Bh4 Bf5 10. Re1 Nc6 11. Nbd2 Qd7 12. Nc4 Rae8 13. Qd2 Nd5 14. Bg3 Bf6
15. c3 Re7 16. Bf1 Rfe8 17. Rxe7 Rxe7 18. Re1 Bg4 19. Rxe7 Ncxe7 20. Be2 Be6 21.
Ne3 Nf5 22. Nxf5 Bxf5 23. Bd1 Ne7 24. h3 Ng6 25. Bb3 Qe7 26. Kf1 Be6 27. Qe3
Bxb3 28. Qxe7 Nxe7 29. axb3 a5 30. Nd2 d5 31. Bxc7 Nc6 32. d4 Kf8 33. Ke2 b5 34.
Kd3 Ke8 35. Nf1 Kd7 36. Bf4 a4 37. bxa4 bxa4 38. Ne3 Ke6 39. Nc2 Na5 40. Ne3 Be7
41. c4 dxc4+ 42. Nxc4 Nb7 43. Nb6 a3 44. bxa3 Bxa3 45. g4 g5 46. Bg3 f5 47.
gxf5+ Kxf5 48. Kc4 h5 49. Kd5 h4 50. Bc7 g4 51. hxg4+ Kxg4 52. Nc4 Bc1 53. Kc6
h3 54. Kxb7 Kf3 55. Ne5+ Ke4 56. Ng4 Kxd4 57. Kc6 Ke4 58. Bg3 Kf3 59. Ne5+ Kg2
60. Kd5 h2 61. Bxh2 Kxf2 62. Nd3+ Kg2 63. Be5 Bg5 64. Ke4 Bd2 65. Nc5 Bg5 66.
Kf5 Be3 67. Ne4 Kf3 68. Bd6 Bd4 69. Nd2+ Ke2 70. Nb3 Kd3 71. Ke6 Be3 72. Kd5 Kc3
73. Na5 Kd3 74. Be5 Bd2 75. Nc4 Bc3 76. Bf4 Bd4 77. Bg5 Bc3 78. Nd6 Bd4 79. Ne4
Be3 80. Bf6 Ba7 81. Ng5 Ke3 82. Ne6 Kf2 83. Ke4 Bb6 84. Nf4 Ba7 85. Bh4+ Kg1 86.
Kf3 Bb6 87. Ne2+ Kf1 88. Bg3 Ba7 89. Bh4 Bb6 90. Ng3+ Kg1 91. Ne4 Ba7 92. Bg3
Bb6 93. Ng5 Ba7 94. Nh3+ Kh1 95. Bf2 1/2-1/2

[Event "6th Rabat Blitz Marathon"]
[Site "Rabat MAR"]
[Date "2015.05.16"]
[Round "19.4"]
[White "Van Wely, Loek"]
[Black "Shirov, Alexei"]
[Result "1/2-1/2"]
[WhiteTitle "GM"]
[BlackTitle "GM"]
[WhiteElo "2653"]
[BlackElo "2696"]
[WhiteFideId "1000268"]
[BlackFideId "2209390"]
[EventDate "2015.05.16"]

1. c4 e6 2. Nf3 d5 3. d4 Nf6 4. Nc3 c6 5. e3 Nbd7 6. Qc2 Bd6 7. b3 O-O 8. Be2 b6
9. O-O Bb7 10. Bb2 Rc8 11. Rad1 Qe7 12. Qb1 c5 13. cxd5 Nxd5 14. Ne4 Bb8 15.
dxc5 Nxc5 16. Nxc5 bxc5 17. Qa1 f6 18. Rd2 Rfd8 19. Rfd1 Nb6 20. Qb1 Rxd2 21.
Nxd2 Rd8 22. Nc4 Rxd1+ 23. Qxd1 Qc7 24. f4 Bd5 25. Qc2 1/2-1/2

[Event "6th Rabat Blitz Marathon"]
[Site "Rabat MAR"]
[Date "2015.05.16"]
[Round "20.3"]
[White "Fridman, Daniel"]
[Black "Rian, Moubarak"]
[Result "1-0"]
[WhiteTitle "GM"]
[WhiteElo "2637"]
[BlackElo "1996"]
[WhiteFideId "11600454"]
[BlackFideId "9001247"]
[EventDate "2015.05.16"]

1. d4 Nf6 2. c4 e6 3. Nc3 Bb4 4. Qc2 c5 5. dxc5 Nc6 6. Nf3 O-O 7. Bg5 h6 8. Bh4
Bxc5 9. Rd1 a6 10. a3 Be7 11. e4 d6 12. e5 Ne8 13. Bg3 Qc7 14. exd6 Bxd6 15.
Rxd6 Nxd6 16. c5 e5 17. cxd6 Qxd6 18. Be2 Qf6 19. Nd5 Qd6 20. Nc3 Qf6 21. O-O
Bf5 22. Bd3 Bxd3 23. Qxd3 Rad8 24. Qe4 Rfe8 25. h4 Qe6 26. h5 f5 27. Qb1 e4 28.
Nh4 Nd4 29. Ng6 Qf6 30. Bh4 Qf7 31. Bxd8 Rxd8 32. Qc1 Rc8 33. Qe3 Qc4 34. Ne7+ 1-0

[Event "6th Rabat Blitz Marathon"]
[Site "Rabat MAR"]
[Date "2015.05.16"]
[Round "20.4"]
[White "Heberla, Bartlomiej"]
[Black "El Adnani, Mokliss"]
[Result "1/2-1/2"]
[WhiteTitle "GM"]
[BlackTitle "FM"]
[WhiteElo "2556"]
[BlackElo "2399"]
[WhiteFideId "1115120"]
[BlackFideId "9000410"]
[EventDate "2015.05.16"]

1. c4 e5 2. g3 Nf6 3. Bg2 Bc5 4. Nc3 Nc6 5. Nf3 O-O 6. O-O d6 7. d3 h6 8. a3 a5
9. e3 Re8 10. b3 Bf5 11. Bb2 Qd7 12. d4 exd4 13. exd4 Bb6 14. Na4 Ba7 15. d5 Ne5
16. Nxe5 dxe5 17. Qd2 b5 18. Nc3 bxc4 19. bxc4 Rab8 20. Nb5 Bc5 21. Qxa5 Bh3 22.
Rae1 Bxg2 23. Kxg2 c6 24. dxc6 Qxc6+ 25. Kg1 e4 26. Bxf6 Qxf6 27. Nc7 Re5 28.
Nd5 Qd6 29. a4 Rbe8 30. Qc3 Rh5 31. Nf4 Rhe5 32. Rd1 Qc6 33. Rd5 R5e7 34. Qc2 e3
35. fxe3 Rxe3 36. Kg2 g5 37. Qd1 gxf4 38. Rxf4 Re2+ 39. Kh3 Bf8 40. Rg4+ Bg7 41.
Qd4 f6 42. Rd7 R2e7 43. Rxe7 Rxe7 44. a5 h5 45. Rf4 Qc8+ 46. Kg2 Re2+ 47. Kf3
Ra2 48. Qd5+ Kf8 49. Qd6+ Kg8 50. Qd5+ Kf8 51. Qd6+ Kf7 52. Qd5+ Kf8 53. Qd6+
Kg8 54. Qd5+ Kf8 55. Qd6+ 1/2-1/2

[Event "6th Rabat Blitz Marathon"]
[Site "Rabat MAR"]
[Date "2015.05.16"]
[Round "21.1"]
[White "Le Huec, Marc"]
[Black "L'Ami, Erwin"]
[Result "1/2-1/2"]
[BlackTitle "GM"]
[WhiteElo "2236"]
[BlackElo "2635"]
[WhiteFideId "624829"]
[BlackFideId "1007998"]
[EventDate "2015.05.16"]

1. d4 Nf6 2. c4 e6 3. Nc3 Bb4 4. e3 O-O 5. Ne2 d5 6. a3 Be7 7. cxd5 exd5 8. Nf4
c6 9. Be2 Na6 10. g4 Nc7 11. g5 Ne4 1/2-1/2

[Event "6th Rabat Blitz Marathon"]
[Site "Rabat MAR"]
[Date "2015.05.16"]
[Round "21.3"]
[White "Fridman, Daniel"]
[Black "Romero Holmes, Alfonso"]
[Result "1/2-1/2"]
[WhiteTitle "GM"]
[BlackTitle "GM"]
[WhiteElo "2637"]
[BlackElo "2469"]
[WhiteFideId "11600454"]
[BlackFideId "2200066"]
[EventDate "2015.05.16"]

1. d4 Nf6 2. Nf3 g6 3. Bg5 Bg7 4. Nbd2 d5 5. Bxf6 Bxf6 6. e4 dxe4 7. Nxe4 Bg7 8.
c3 O-O 9. Bd3 Bg4 10. h3 Bxf3 11. Qxf3 Nd7 12. Qe2 c6 13. O-O e5 14. dxe5 1/2-1/2

[Event "6th Rabat Blitz Marathon"]
[Site "Rabat MAR"]
[Date "2015.05.16"]
[Round "21.4"]
[White "El Adnani, Mokliss"]
[Black "Van Wely, Loek"]
[Result "0-1"]
[WhiteTitle "FM"]
[BlackTitle "GM"]
[WhiteElo "2399"]
[BlackElo "2653"]
[WhiteFideId "9000410"]
[BlackFideId "1000268"]
[EventDate "2015.05.16"]

1. d4 Nf6 2. c4 e6 3. Nc3 Bb4 4. e3 O-O 5. Ne2 d5 6. a3 Be7 7. Ng3 Re8 8. Bd3
Nbd7 9. O-O c5 10. cxd5 exd5 11. Bf5 g6 12. Bh3 Nb6 13. dxc5 Bxc5 14. Bxc8 Rxc8
15. Nb5 a6 16. Nd4 Bd6 17. Bd2 Nc4 18. Bc3 h5 19. Nf3 Bf8 20. Qd4 Bg7 21. Rad1
h4 22. Qxh4 Nxa3 23. Ng5 Nb5 24. Rxd5 Qxd5 25. Bxf6 Bxf6 26. Qh7+ Kf8 27. Qh6+
Bg7 28. Qh4 Rc4 29. e4 Qd2 30. Qg4 Rc1 31. h4 Rxf1+ 32. Nxf1 Qd4 33. Qf4 Nd6 34.
Ne3 Be5 35. Qf3 Bf6 36. Qf4 Bxg5 37. Qxg5 Nxe4 0-1